|
|
|
|
| LEADER |
00000nab a2200000 a 4500 |
| 001 |
vtls008955319 |
| 003 |
SK-MaSNL |
| 005 |
20260303070339.0 |
| 008 |
140512c20060216xo dr|p|||||||000 b|slo |
| 015 |
|
|
|a SNBRB2007/03
|2 snkbucl
|
| 038 |
|
|
|a SNKBUCL
|
| 040 |
|
|
|a SNKBUCL
|b slo
|c SNKBUCL
|e AACR2
|
| 041 |
|
|
|a slo
|
| 044 |
|
|
|a xo
|c SK
|
| 080 |
|
|
|a 791.43
|x (437.6+725.1)
|2 2001
|
| 100 |
1 |
|
|a Starinský, Ondrej
|4 aut
|9 839170
|
| 245 |
1 |
0 |
|a Sústredený Sean Penn zo seba spravil nešikovného revolucionára
|c Ondrej Starinský
|
| 300 |
|
|
|b Fotogr.
|
| 630 |
0 |
7 |
|a Zabijem Nixona (film)
|2 snkbucl
|9 1067669
|
| 655 |
|
7 |
|a recenzie
|2 snkbucl
|9 21907
|
| 773 |
0 |
|
|t Sme. Práca
|g Roč. 15, č. 39 (16.2.2006)
|x 1335-440X
|
| 773 |
0 |
|
|t Kultúra
|g S. 25
|
| 852 |
|
|
|a SNK
|b KIS3GCP
|
| 958 |
|
|
|a RC
|
| 999 |
|
|
|c 1754986
|d 1756916
|